000 004100000a22001210004500
090 _aAR
_b04141
245 1 0 _aRevision of the neotropical genus Ontherus Erichson (Coleoptera: Scarabaeidae, Scarabaeinae), supplement 1
041 0 _aInglés
500 _a<Literatura de escarabajos coprófagos>
100 1 _aGenier, Francois
_998049
942 _cARTICULO
773 1 _tColeopterists bulletin
_h3
_q270-274
_d1998
_g52
999 _c13239
_d13239